Angry TV Characters Quiz Stats

Quiz Updated Dec 23, 2014

Also try: Angry Animals!
Challenge
Share
Tweet
Score 0/20 Timer 05:00
1 Play Today
Hint Answer % Correct
Homer Simpson (The Simpsons)
98.9%
SpongeBob SquarePants (SpongeBob SquarePants)
96.1%
Dr. Gregory House (House)
93%
Judge Judy (Judge Judy)
93%
Oscar the Grouch (Sesame Street)
82.9%
Sheldon Cooper (The Big Bang Theory)
79.6%
George Costanza (Seinfeld)
76.9%
Barney Stinson (How I Met Your Mother)
74.2%
Walter White (Breaking Bad)
71.4%
Dwight Schrute (The Office)
69.4%
Hint Answer % Correct
Tony Soprano (The Sopranos)
66.2%
Bender (Futurama)
66%
Archie Bunker (All in the Family)
62.5%
Red Forman (That '70s Show)
58.4%
Ron Swanson (Parks & Recreation)
50.4%
Joffrey Baratheon (Game of Thrones)
46.2%
Gloria Pritchett (Modern Family)
46.1%
Don Draper (Mad Men)
45.4%
Sue Sylvester (Glee)
37.7%
Piper Chapman (Orange is the New Black)
36.9%

You're not logged in!

Compare scores with friends on all Sporcle quizzes.
Sign Up with Email
OR
Log In

You Might Also Like...

Show Comments

Extras

Top Quizzes Today


Score Distribution

Your Account Isn't Verified!

In order to create a playlist on Sporcle, you need to verify the email address you used during registration. Go to your Sporcle Settings to finish the process.